| 000 | 00363nam a2200133Ia 4500 | ||
|---|---|---|---|
| 008 | 240624s9999 xx 000 0 und d | ||
| 041 | _aeng | ||
| 082 | _a658.15 THA | ||
| 100 | _aTHAKOR ANJAN Y | ||
| 245 | _aBECOMING A BETTER VALUE CREATOR HOW TO I | ||
| 260 |
_c2000 _athe company's bottom line and your own _bJossey-Bass |
||
| 300 | _a272 : p. | ||
| 365 |
_c _b25 |
||
| 999 |
_c23536 _d23536 |
||